| 000 | 00623nam a22001937a 4500 | ||
|---|---|---|---|
| 999 |
_c169597 _d169597 |
||
| 005 | 20191126125327.0 | ||
| 010 | _aUR-10621 | ||
| 020 |
_c300.00 _a9789384255480 |
||
| 035 | _aU-9176 | ||
| 037 |
_bDBAD/PUB _a- |
||
| 082 | _a841 | ||
| 100 | _aا قبا ل شا نہ | ||
| 245 |
_aشا نہ آ ن لا ءن _cا قبا ل شا نہ |
||
| 246 |
_bShana On Line(Urdu) _aby Iqbal Shana |
||
| 260 |
_aDelhi _bEducational Publishing House _c2018 ء |
||
| 270 |
_a3191,Vakil Street, Kucha Pandit,Lal Kuan, _bDelhi _e110006 _k01123216162 _l- |
||
| 300 |
_a80 ص _c22 Cm(Hb) |
||
| 942 |
_2ddc _cUR _h841 _mش ا ن |
||